Československá zahraniční politika v letech 1945-1949

Saved in:
Bibliographic Details
Main Author: Veselý, Zdeněk
Corporate Author: Univerzita Karlova v Praze
Format: Book
Language:Czech
Published: Praha Státní pedagogické nakladatelství 1989
Edition:1. vyd.
Tags: Add Tag
No Tags, Be the first to tag this record!

MARC

LEADER 00000nam a2200000 4500
001 c034139
005 20221215115821.2
041 0 |a cze 
044 |a CZ 
245 1 0 |a Československá zahraniční politika v letech 1945-1949  |c Zdeněk Veselý 
250 |a 1. vyd. 
264 1 |a Praha  |b Státní pedagogické nakladatelství  |c 1989 
300 |a 118 s. 
100 1 |a Veselý, Zdeněk 
710 2 |a Univerzita Karlova v Praze